Jake and the Never Land Pirates - Statistics

General Stats
  • This quiz has been taken 22 times
  • The average score is 7 of 11
Answer Stats
Hint Answer % Correct
Main bad guy Captain Hook
100%
What colour is Peter Pan's hat? Green
100%
What colour is Jake's bandana? Red
100%
Blue bandana wearer Cubby
63%
Smallest character Skully
63%
The name of Jake's pirate ship Bucky
50%
Contains pixie dust Izzy's bag
50%
What does pixie dust do? Makes you fly
50%
Swims in the sea and is mean to the 'main baddie' Tick-Tock the crocodile
38%
What do Jake and his crew collect on the way, and count at the end? Gold Doubloons
25%
Where do Jake and his crew live? (more specific than Never Land) Pirate Island
25%
No matching quizzes found
Score Distribution
Percent of People with Each Score
Percentile by Number Answered
Your Score History
You have not taken this quiz